000 00297nam a22001337a 4500
008 260211b ||||| |||| 00| 0 eng d
020 _a9789606931017
041 _aital
080 _a001
100 _a20
101 _aital
245 _aDino Buzati
_cMaria Angela Cernigliaro
942 _2lcc
_cBK
999 _c60772
_d60772